000 00714nam a2200205 4500
001 3507
005 20181127171345.0
010 0 0 _a
020 0 0 _a9789291152506
090 0 0 _a333.72095496 I16c 2012
100 0 0 _aOli, Krishan Prasad.
245 0 0 _aCaring for our transboundary landscape :
_bIllustrations from the Kailash sacred landscape /
_cKrishan Prasad Oil.
_h
250 0 0 _a
260 0 0 _aKathmandu :
_bICIMOD,
_c2012.
300 0 0 _a50 p. : col. ill.
500 0 0 _a
650 0 0 _aForest landscape management --Nepal.
_x
650 0 0 _aLandscape protection.
_x
856 _a
_uhttp://lib.icimod.org/record/27762/files/icimod-caring_for_our_transboundary_landscape.pdf
_yCaring for our transboundary landscape
_z
_3
999 _c2848
_d2848